Destin-Fort Walton Beach Airport Destinations (Destin, FL, USA) - Statistics

General Stats
  • This quiz has been taken 77 times
    23 since last reset
  • The average score is 35 of 46
Answer Stats
Airline Destination % Correct
Delta Air Lines Atlanta
100%
American Airlines/American Eagle Charlotte
100%
Allegiant Air/Southwest Airlines Chicago (Midway)
100%
American Airlines/American Eagle Chicago (O'Hare)
100%
American Airlines/American Eagle Dallas/Fort Worth
100%
Southwest Airlines Dallas (Love)
100%
American Eagle Miami
100%
JetBlue New York (JFK)
100%
Delta Connection New York (LaGuardia)
100%
Allegiant Air/JetBlue Boston
95%
Delta Air Lines Detroit
95%
Delta Air Lines/Sun Country Airlines Minneapolis/St. Paul
95%
Allegiant Air Newark
95%
Allegiant Air Washington (Dulles)
95%
American Airlines/American Eagle Washington (National)
95%
Allegiant Air Denver
89%
Southwest Airlines Houston (Hobby)
89%
Allegiant Air Indianapolis
89%
Allegiant Air/Southwest Airlines Kansas City
89%
Allegiant Air Las Vegas
89%
Southwest Airlines Baltimore
84%
Allegiant Air Cincinnati
84%
Allegiant Air Columbus (Rickenbacker)
84%
Southwest Airlines Nashville
84%
Allegiant Air Belleville/St. Louis
79%
Southwest Airlines St. Louis
79%
Allegiant Air Louisville
74%
Allegiant Air Omaha
74%
American Eagle Philadelphia
74%
Allegiant Air/Southwest Airlines Pittsburgh
74%
Allegiant Air Knoxville
68%
Allegiant Air Oklahoma City
68%
Allegiant Air Des Moines
63%
Allegiant Air Grand Rapids
63%
Allegiant Air Tulsa
58%
Allegiant Air Wichita
58%
Allegiant Air Akron/Canton
53%
Allegiant Air Columbia (MO)
53%
Allegiant Air Flint
47%
Allegiant Air Little Rock
47%
Allegiant Air Evansville
42%
Allegiant Air Fayetteville/Bentonville
42%
Allegiant Air Springfield/Branson
42%
Allegiant Air Peoria
32%
Allegiant Air Huntington
26%
Allegiant Air Clarksburg
11%
No matching quizzes found
Score Distribution
Percent of People with Each Score
Percentile by Number Answered
Your Score History
You have not taken this quiz since the last reset